The project manager's desk reference : a comprehensive guide to project planning, scheduling, evaluation, control & sytems

Bibliographic Details
Main Author: Lewis, John P.
Format: Book
Published: Kuala Lumpur : \b Golden Books Centre, \c 1993
Subjects:

MARC

LEADER 00000cam a2200000 7i4500
001 0000003376
005 20050824.0
020 0 0 |a 9837200790 
090 0 0 |a 658.404   |b LEW 
100 1 0 |a Lewis, John P. 
245 1 0 |a The project manager's desk reference :   |b a comprehensive guide to project planning, scheduling, evaluation, control & sytems   |c James P. Lewis 
260 0 0 |a Kuala Lumpur : \b Golden Books Centre, \c 1993 
300 |a xxiii, 512p. :   |b ill. ;   |c 23cm. 
650 0 0 |a Industrial development projects   |x Management 
650 0 0 |a Industrial development projects   |x Planning 
999 |a 0000006295   |b Monograph   |c Open Shelf   |e Default branch